000 00705nam a2200241Ia 4500
003 OSt
005 20220926000036.0
006 a|||||r|||| 00| 0
007 ta
008 220923b |||||||| |||| 00| 0 eng d
037 _cGeneral Book
040 _aRTL
_cRTL
_beng
041 _2eng
_aeng
082 _aX:99N,l.216p.N76, L6/GD
110 _aINDIA, LABOUR (Ministry of-)
245 0 _aReport on the empoyment pattern of graduates.
260 _a New Delhi
_bGovt of India
_c1976
300 _aiii,111p.
_ccm.
500 _aAppendix :77-111p.
700 _aINDIA, LABOUR (Ministry of-)
942 _hX:99N,l.216p.N76, L6/GD
_cGB
_2CC
999 _c598350
_d598350